|
|
|
|
| LEADER |
01162nam a2200253 a 4500 |
| 001 |
GR-Antirio550 |
| 008 |
090212s2005 ne 000 0 gre d |
| 020 |
|
|
|a 1555583288
|
| 040 |
|
|
|a GrPaTEI
|b gre
|c GR-PaULI
|
| 040 |
|
|
|a GrPaTEI
|b gre
|c GR-PaULI
|
| 040 |
|
|
|a GrPaTEI
|b gre
|c GR-PaULI
|
| 082 |
|
0 |
|a 005.43
|2 22
|
| 100 |
0 |
|
|a Haletky, Edward
|
| 245 |
1 |
0 |
|a Deploying Linux on the Desktop /
|c Haletky, Edward.
|
| 260 |
|
|
|a Amsterdam , Boston :
|b Elsevier / Digital Press,
|c c 2005
|
| 300 |
|
|
|a xτ. , 208 σ. :
|b εικ. ;
|c 24 εκ.
|
| 500 |
|
|
|a Περιλαμβάνει ευρετήριο.
|
| 650 |
|
0 |
|a Linux
|
| 650 |
|
0 |
|a OPERATING SYSTEMS (COMPUTERS)
|
| 942 |
|
|
|2 ddc
|
| 952 |
|
|
|0 0
|1 0
|2 ddc
|4 0
|6 005_430000000000000_HAL
|7 0
|9 261694
|a LISK-2
|b LISK-2
|c BSC
|d 2021-01-17
|e 24
|f 0
|g 0.00
|l 0
|o 005.43 HAL
|p 2430000006614
|r 2021-01-17 00:00:00
|t 1
|w 2021-01-17
|y BK15
|x 20090212 0 1
|x GrPaTEI - Antirrio
|
| 952 |
|
|
|0 0
|1 0
|2 ddc
|4 0
|6 005_430000000000000_HAL
|7 0
|9 261695
|a LISK-2
|b LISK-2
|c BSC
|d 2021-01-17
|e 24
|f 0
|g 0.00
|l 0
|o 005.43 HAL
|p 2430000006615
|r 2021-01-17 00:00:00
|t 1
|w 2021-01-17
|y BK15
|x 20090212 0 1
|x GrPaTEI - Antirrio
|
| 971 |
|
|
|a .b25703493
|b 01-10-20
|c 12-09-16
|
| 999 |
|
|
|c 151017
|d 151017
|